Normal view
MARC view
- Academic writing
Entry Topical Term
001 - CONTROL NUMBER
- control field: 7423
003 - CONTROL NUMBER IDENTIFIER
- control field: NUST
005 - DATE AND TIME OF LATEST TRANSACTION
- control field: 20171218110140.0
008 - FIXED-LENGTH DATA ELEMENTS
- fixed length control field: 171218|| aca||aabn | a|a d
040 ## - CATALOGING SOURCE
- Original cataloging agency: NUST
- Transcribing agency: NUST
150 ## - HEADING--TOPICAL TERM
- Topical term or geographic name entry element: Academic writing
- General subdivision: Handbooks, manuals, etc.
670 ## - SOURCE DATA FOUND
- Source citation: Work cat.: (NUST)186181: Bennett, James D. 7422, Writing history papers :, c2007
